000 00721nam a2200229 a 4500
005 20210223124502.0
008 011023s1998 r 000 0 eng d
020 _a8441505381
035 _aUPN01000113392
049 _aCG
050 4 _aZ253.532 Q3
_bG7.2
100 1 _aGruman, Galen
245 1 3 _aLa biblia de QuarkXPress 4 /
_cGalen Gruman y Barbara Assadi con John Cruise.
260 _aMadrid :
_bAnaya Multimedia,
_cc1998.
300 _a734 p. :
_bil. +
_e1 CD-ROM : son., col.; 4 3/4 plg.
440 3 _aLa biblia
650 4 _aAUTOEDICION POR COMPUTADORA
_915815
650 4 _aQUARKXPRESS (ARCHIVO DE COMPUTADORA)
700 1 _aAssadi, Barbara,
_ecoaut.
700 1 _aCruise, John.
_ecoaut.
905 _aLibro
999 _c87300
_d87300